Adventure tourism as a business in Himachal Pradesh

Bibliográfiai részletek
Szerző: Sehgal Ashutosh
További közreműködők: Weninger Ágnes Rita
Dokumentumtípus: Diplomadolgozat
Kulcsszavak:ecotourism
himachal pradesh
india tourism
Sustainable tourism
tourism
Online Access:http://dolgozattar.uni-bge.hu/59679

MARC

LEADER 00000nta a2200000 i 4500
001 dolg59679
005 20260409145417.0
008 260409suuuu hu om 000 eng d
040 |a BGE Dolgozattár Repozitórium  |b hun 
041 |a en 
100 1 |a Sehgal Ashutosh 
245 1 0 |a Adventure tourism as a business in Himachal Pradesh  |c Sehgal Ashutosh  |h [elektronikus dokumentum] 
520 3 |a Adventure tourism has become an increasingly popular niche within the tourism industry, particularly in regions like Himachal Pradesh, which boasts diverse landscapes, including mountains, rivers, and forests. The state's natural beauty, combined with a variety of adventure activities, has made it a prime destination for thrill-seekers, nature lovers, and adventure enthusiasts. This abstract explores the potential of adventure tourism as a business in Himachal Pradesh, examining its benefits, challenges, and sustainability aspects. 
695 |a ecotourism 
695 |a himachal pradesh 
695 |a india tourism 
695 |a Sustainable tourism 
695 |a tourism 
700 1 |a Weninger Ágnes Rita  |e ths 
856 4 0 |u http://dolgozattar.uni-bge.hu/59679/1/Ashutosh%20Sehgal%20Adventure%20tourism%20as%20a%20business%20in%20Himachal%20Pradesh.pdf  |z Dokumentum-elérés 
856 4 0 |u http://dolgozattar.uni-bge.hu/59679/2/Ashutosh%20Sehgal%20Adventure%20tourism%20as%20a%20business%20in%20Himachal%20Pradesh.pdf  |z Dokumentum-elérés 
856 4 0 |u http://dolgozattar.uni-bge.hu/59679/3/Thesis%20Assessment%20Sheet_MSc_%20Ashutosh.pdf  |z Dokumentum-elérés 
856 4 0 |u http://dolgozattar.uni-bge.hu/59679/4/Seghal%20Ashutosh_Supervisor_Weninger%20%C3%81gnes.pdf  |z Dokumentum-elérés